2025-2026 NCAA D1 Basketball Coaches - Statistics

General Stats
  • This quiz has been taken 37 times
  • The average score is 87 of 365
Answer Stats
Group Hint Answer % Correct
Atlantic 10 Rhode Island Archie Miller
88%
Big 12 Arizona State Bobby Hurley
88%
Big East UConn Dan Hurley
88%
ACC UNC Hubert Davis
88%
ACC Duke Jon Scheyer
88%
America East New Hampshire Nathan Davis
88%
Missouri Valley Murray State Ryan Miller
88%
SEC Texas Sean Miller
88%
Big Ten Michigan State Tom Izzo
88%
Big 12 Arizona Tommy Lloyd
88%
Big 12 Cincinnati Wes Miller
88%
Big Ten Michigan Dusty May
84%
SEC Arkansas John Calipari
84%
Big 12 Houston Kelvin Sampson
84%
Big East Xavier Richard Pitino
84%
Big East St. John's Rick Pitino
84%
SEC Auburn Steven Pearl
84%
ACC NC State Will Wade
84%
Big 12 Kansas Bill Self
80%
SEC Kentucky Mark Pope
80%
Big Ten UCLA Mick Cronin
80%
SEC Tennessee Rick Barnes
80%
SEC Florida Todd Golden
80%
Big Ten Maryland Buzz Williams
76%
West Coast Pacific Dave Smart
76%
Big Ten Nebraska Fred Hoiberg
76%
Big Ten Purdue Matt Painter
76%
Southwestern Athletic Jackson State Mo Williams
76%
Big East Marquette Shaka Smart
76%
Big Ten Illinois Brad Underwood
72%
Southwestern Athletic Prairie View A&M Byron Smith
72%
SEC Ole Miss Chris Beard
72%
Big East Georgetown Ed Cooley
72%
Big East Creighton Greg McDermott
72%
ACC Stanford Kyle Smith
72%
SEC Alabama Nate Oats
72%
Ohio Valley Tennessee State Nolan Smith
72%
Big 12 Iowa State TJ Otzelberger
72%
Mountain West Grand Canyon Bryce Drew
68%
Big Ten Indiana Darian DeVries
68%
Big 12 Texas Tech Grant McCasland
68%
Big 12 Kansas State Jerome Tang
68%
Big East Providence Kim English
68%
West Coast Gonzaga Mark Few
68%
SEC Georgia Michael White
68%
ACC Louisville Pat Kelsey
68%
SEC Oklahoma Porter Moser
68%
Sun Belt Louisiana Quannas White
68%
Big 12 Baylor Scott Drew
68%
Big East Butler Thad Matta
68%
ACC Clemson Brad Brownell
64%
SEC Texas A&M Bucky McMillan
64%
ACC Georgia Tech Damon Stoudamire
64%
Big Ten Oregon Dana Altman
64%
Big Ten USC Eric Musselman
64%
Big Ten Wisconsin Greg Gard
64%
Big East Villanova Kevin Willard
64%
ACC Syracuse Adrian Autry
60%
American Memphis Anfernee Hardaway
60%
Big Ten Iowa Ben McCollum
60%
Atlantic Sun Stetson Donnie Jones
60%
Big Ten Ohio State Jake Diebler
60%
Ivy League Yale James Jones
60%
Patriot League Boston Joe Jones
60%
Southwestern Athletic Texas Southern Johnny Jones
60%
Big 12 BYU Kevin Young
60%
SEC Vanderbilt Mark Byington
60%
SEC LSU Matt McMahon
60%
Southern UNC Greensboro Mike Jones
60%
Sun Belt Old Dominion Mike Jones
60%
ACC Virginia Tech Mike Young
60%
Mid-Eastern Athletic Norfolk State Robert Jones
60%
ACC Virginia Ryan Odom
60%
Big East Seton Hall Shaheen Holloway
60%
ACC Wake Forest Steve Forbes
60%
Big Ten Northwestern Chris Collins
56%
Big Ten Washington Danny Sprinkle
56%
SEC Missouri Dennis Gates
56%
ACC Pitt Jeff Capel III
56%
Big 12 UCF Johnny Dawkins Jr.
56%
Atlantic 10 Saint Louis Josh Schertz
56%
Southwestern Athletic Southern Kevin Johnson
56%
SEC South Carolina Lamont Paris
56%
ACC Notre Dame Micah Shrewsberry
56%
West Coast Loyola Marymount Stan Johnson
56%
Sun Belt Texas State Terrence Johnson
56%
Atlantic 10 Dayton Anthony Grant
52%
Atlantic Sun Eastern Kentucky AW Hamilton
52%
American South Florida Bryan Hodgson
52%
ACC Boston College Earl Grant
52%
ACC Miami (FL) Jai Lucas
52%
Mid-American Miami (OH) Travis Steele
52%
SEC Mississippi State Chris Jans
48%
Coastal Athletic Charleston Chris Mack
48%
Atlantic 10 Loyola Chicago Drew Valentine
48%
ACC SMU Andy Enfield
44%
Big Ten Rutgers Steve Pikiell
44%
Big 12 Colorado Tad Boyle
44%
Sun Belt Marshall Cornelius Jackson
40%
Southwestern Athletic Alabama A&M Donte Jackson
40%
Horizon League Oakland Greg Kampe
40%
ACC California Mark Madsen
40%
Big 12 Oklahoma State Steve Lutz
40%
Southland Lamar Alvin Brooks
36%
Atlantic Sun Bellarmine Doug Davenport
36%
Western Athletic UT Arlington KT Turner
36%
Big Sky Sacramento State Mike Bibby
36%
West Coast Saint Mary's Randy Bennett
36%
Big West UC Irvine Russ Turner
36%
Missouri Valley Belmont Casey Alexander
32%
Conference USA Missouri State Cuonzo Martin
32%
Mid-Eastern Athletic South Carolina State Erik Martin
32%
Mid-American UMass Frank Martin
32%
Ivy League Penn Fran McCaffery
32%
Atlantic Sun Queens (NC) Grant Leonard
32%
West Coast Santa Clara Herb Sendek
32%
Conference USA UTEP Joe Golding
32%
Ivy League Brown Mike Martin
32%
Atlantic 10 VCU Phil Martelli Jr.
32%
Atlantic 10 George Mason Tony Skinn
32%
Southern VMI Andrew Wilson
28%
American UAB Andy Kennedy
28%
Missouri Valley Northern Iowa Ben Jacobson
28%
Western Athletic Tarleton State Billy Gillispie
28%
Horizon League Green Bay Doug Gottlieb
28%
Big 12 TCU Jamie Dixon
28%
Mountain West Utah State Jerrod Calhoun
28%
Mountain West Air Force Joe Scott
28%
ACC Florida State Luke Loucks
28%
Big West Cal State Bakersfield Mike Scott
28%
Big Ten Minnesota Niko Medved
28%
Atlantic Sun Florida Gulf Coast Patrick Chambers
28%
Big 12 West Virginia Ross Hodge
28%
Sun Belt Troy Scott Cross
28%
West Coast Oregon State Wayne Tinkle
28%
Horizon League Northern Kentucky Darrin Horn
24%
American Wichita State Paul Mills
24%
Western Athletic California Baptist Rick Croy
24%
Coastal Athletic Hofstra Speedy Claxton
24%
Big 12 Utah Alex Jensen
20%
Mountain West San Diego State Brian Dutcher
20%
Big East DePaul Chris Holtmann
20%
Atlantic 10 Duquesne Dru Joyce III
20%
Mountain West New Mexico Eric Olen
20%
Metro Atlantic Athletic Siena Gerry McNamara
20%
Conference USA New Mexico State Jason Hooten
20%
Atlantic 10 St. Bonaventure Mark Schmidt
20%
Patriot League Colgate Matt Langel
20%
Big Ten Penn State Mike Rhoades
20%
Ivy League Harvard Tommy Amaker
20%
Big Sky Idaho Alex Pribble
16%
Missouri Valley Drake Eric Henderson
16%
Metro Atlantic Athletic Merrimack Joe Gallo
16%
Mid-American Akron John Groce
16%
Ohio Valley Tennessee Tech John Pelphrey
16%
Mountain West UNLV Josh Pastner
16%
Ivy League Princeton Mitch Henderson
16%
American Tulane Ron Hunter
16%
Mountain West Colorado State Ali Farokhmanesh
12%
Southern Furman Bob Richey
12%
Southwestern Athletic Florida A&M Charlie Ward Jr.
12%
Coastal Athletic Stony Brook Geno Ford
12%
Coastal Athletic Monmouth King Rice
12%
Mountain West Boise State Leon Rice
12%
Mid-American Ball State Michael Lewis
12%
Mountain West Nevada Steve Alford
12%
American Temple Adam Fisher
8%
Conference USA Kennesaw State Antoine Pettway
8%
Ohio Valley Southeast Missouri Brad Korn
8%
Coastal Athletic William & Mary Brian Earl
8%
Missouri Valley Bradley Brian Wardle
8%
Atlantic 10 Richmond Chris Mooney
8%
Atlantic Sun Austin Peay Corey Gipson
8%
Southern Chattanooga Dan Earl
8%
Big Sky Eastern Washington Dan Monson
8%
Coastal Athletic Hampton Ivan Thomas
8%
Atlantic 10 Davidson Matt McKillop
8%
Sun Belt James Madison Preston Spradlin
8%
Big South Longwood Ronnie Thomas
8%
Mountain West Wyoming Sundance Wicks
8%
Mountain West San Jose State Tim Miles
8%
Southwestern Athletic Alabama State Tony Madlock
8%
Horizon League Robert Morris Andrew Toole
4%
Mid-American Central Michigan Andy Bronkema
4%
American UTSA Austin Claunch
4%
Southland McNeese Bill Armstrong
4%
Southern East Tennessee State Brooks Savage
4%
Summit League South Dakota State Bryan Petersen
4%
Atlantic 10 George Washington Chris Caputo
4%
Metro Atlantic Athletic Fairfield Chris Casey
4%
West Coast San Francisco Chris Gerlufsen
4%
Conference USA Sam Houston Chris Mudge
4%
Mid-Eastern Athletic Maryland-Eastern Shore Cleo Hill Jr.
4%
Metro Atlantic Athletic Iona Dan Geriot
4%
American North Texas Daniyal Robinson
4%
Ohio Valley Little Rock Darrell Walker
4%
Atlantic 10 La Salle Darris Nichols
4%
Summit League North Dakota State David Richman
4%
West Coast Washington State David Riley
4%
Northeast Wagner Donald Copeland
4%
Patriot League American Duana Simpkins
4%
Southern The Citadel Ed Conroy
4%
Big West Hawaii Eran Ganot
4%
Summit League South Dakota Eric Peterson
4%
Big South High Point Flynn Clayman
4%
Southwestern Athletic Mississippi Valley State George Ivory
4%
America East Bryant Jamion Christian
4%
Metro Atlantic Athletic Canisius Jim Christian
4%
Big West UC Santa Barbara Joe Pasternack
4%
America East Vermont John Becker
4%
Patriot League Bucknell John Griffin III
4%
American Florida Atlantic John Jakus
4%
Summit League St. Thomas John Tauer
4%
Patriot League Navy Jon Perry
4%
Sun Belt Coastal Carolina Justin Gray
4%
Southland UT Rio Grande Valley Kahil Fennell
4%
Mid-Eastern Athletic Howard Kenneth Blakeney
4%
Ivy League Columbia Kevin Hovde
4%
Mid-Eastern Athletic North Carolina Central LeVelle Moton
4%
Ohio Valley Eastern Illinois Marty Simmons
4%
Summit League Kansas City Marvin Menzies
4%
Missouri Valley Indiana State Matthew Graves
4%
Atlantic 10 Fordham Mike Magpayo
4%
Summit League North Dakota Paul Sather
4%
Conference USA Jacksonville State Ray Harper
4%
Sun Belt South Alabama Richie Riley
4%
Conference USA Liberty Ritchie McKay
4%
Mid-American Kent State Rob Senderoff
4%
Northeast Long Island Rod Strickland
4%
Missouri Valley Illinois State Ryan Pedon
4%
Missouri Valley Southern Illinois Scott Nagy
4%
West Coast Portland Shantay Legans
4%
Atlantic 10 Saint Joseph's Steve Donahue
4%
Coastal Athletic UNC Wilmington Takayo Siddle
4%
Summit League Denver Tim Bergstraser
4%
Mid-American Bowling Green Todd Simon
4%
Metro Atlantic Athletic Quinnipiac Tom Pecora
4%
Big Sky Montana Travis DeCuire
4%
American Charlotte Aaron Fearne
0%
Big West Cal State Northridge Andy Newman
0%
Metro Atlantic Athletic Sacred Heart Anthony Latina
0%
Horizon League Milwaukee Bart Lundy
0%
Metro Atlantic Athletic Saint Peter's Bashir Mason
0%
Horizon League IU Indy Ben Howlett
0%
Coastal Athletic Northeastern Bill Coen
0%
Coastal Athletic Elon Billy Taylor
0%
Atlantic Sun North Florida Bobby Kennen
0%
Western Athletic Abilene Christian Brette Tanner
0%
Patriot League Lehigh Brett Reed
0%
Ohio Valley SIUE Brian Barone
0%
Ohio Valley Western Illinois Chad Boudreau
0%
Sun Belt Georgia Southern Charlie Henry
0%
Big West Long Beach State Chris Acker
0%
Summit League Omaha Chris Crutchfield
0%
Northeast Stonehill Chris Kraus
0%
America East Maine Chris Markwood
0%
West Coast Seattle Chris Victor
0%
Big West UC San Diego Clint Allard
0%
Horizon League Wright State Clint Sargent
0%
Southland Houston Christian Craig Doty
0%
Atlantic Sun West Georgia Dave Moore
0%
Patriot League Holy Cross Dave Paulsen
0%
Southland Southeastern Louisiana David Kiefer
0%
Ivy League Dartmouth David McLaughlin
0%
Missouri Valley Evansville David Ragland
0%
Big West Cal State Fullerton Dedrique Taylor
0%
Metro Atlantic Athletic Mount St. Mary's Donny Lind
0%
Sun Belt Appalachian State Dustin Kerns
0%
America East Albany Dwayne Killings
0%
Mid-American Western Michigan Dwayne Stephens
0%
West Coast Pepperdine Ed Schilling
0%
Big Sky Weber State Eric Duft
0%
American Tulsa Eric Konkol
0%
Horizon League Youngstown State Ethan Faulkner
0%
Northeast Mercyhurst Gary Manchel
0%
Mid-American Buffalo George Halcovage III
0%
America East NJIT Grant Billmeier
0%
Metro Atlantic Athletic Niagara Greg Paulus
0%
Big West UC Riverside Gus Argenal
0%
Conference USA Western Kentucky Hank Plona
0%
Northeast Fairleigh Dickinson Jack Castleberry
0%
Southwestern Athletic Alcorn State Jake Morton
0%
Southland East Texas A&M Jaret von Rosenberg
0%
Big Sky Portland State Jase Coburn
0%
Sun Belt Southern Miss Jay Ladner
0%
Mid-American Ohio Jeff Boals
0%
Conference USA Florida International Jeremy Ballard
0%
Big South Gardner-Webb Jeremy Luther
0%
Ohio Valley Tennessee-Martin Jeremy Shulman
0%
America East UMBC Jim Ferry
0%
Big West UC Davis Jim Les
0%
Southland Texas A&M-Corpus Christi Jim Shaw
0%
Coastal Athletic Campbell John Andrzejek
0%
Metro Atlantic Athletic Marist John Dunne
0%
Metro Atlantic Athletic Manhattan John Gallagher
0%
Atlantic Sun Central Arkansas John Shulman
0%
Sun Belt Georgia State Jonas Hayes
0%
Ohio Valley Morehead State Jonathan Mattox
0%
Horizon League Purdue Fort Wayne Jon Coffman
0%
Ivy League Cornell Jon Jaques
0%
Western Athletic Utah Tech Jon Judkins
0%
Atlantic Sun Jacksonville Jordan Mincy
0%
Patriot League Loyola Maryland Josh Loeffler
0%
Metro Atlantic Athletic Rider Kevin Baggett
0%
Mid-Eastern Athletic Morgan State Kevin Broadus
0%
Atlantic Sun Lipscomb Kevin Carroll
0%
Southern Wofford Kevin Giltner
0%
Patriot League Army Kevin Kuwik
0%
Summit League Oral Roberts Kory Barnett
0%
Ohio Valley Lindenwood Kyle Gerdeman
0%
Northeast Chicago State Landon Bussie
0%
Mid-Eastern Athletic Coppin State Larry Stewart
0%
Southern Samford Lennie Acuff
0%
America East Binghamton Levell Sanders
0%
Northeast St. Francis (PA) Luke McConnell
0%
Horizon League Detroit Mercy Mark Montgomery
0%
Big South Winthrop Mark Prosser
0%
Conference USA Delaware Martin Ingelsby
0%
Big South USC Upstate Marty Richter
0%
Southland Stephen F. Austin Matt Braeuer
0%
Big Sky Montana State Matt Logie
0%
American East Carolina Michael Schwartz
0%
Big West Cal Poly Mike DeGeorge
0%
Patriot League Lafayette Mike McGarvey
0%
Big South UNC Asheville Mike Morrell
0%
Coastal Athletic North Carolina A&T Monte Ross
0%
Northeast Le Moyne Nate Champion
0%
Conference USA Middle Tennessee Nick McDevitt
0%
America East UMass Lowell Pat Duquette
0%
Southwestern Athletic Grambling State Patrick Crarey II
0%
Northeast Central Connecticut State Patrick Sellers
0%
Coastal Athletic Towson Pat Skerry
0%
Sun Belt Louisiana-Monroe Phil Cunningham
0%
Big South Presbyterian Quinton Ferrell
0%
Mid-American Northern Illinois Rashon Burno
0%
Southwestern Athletic Bethune-Cookman Reggie Theus
0%
Southland Northwestern State Rick Cabrera
0%
Missouri Valley UIC Rob Ehsan
0%
Western Athletic Southern Utah Rob Jeter
0%
American Rice Rob Lanier
0%
Horizon League Cleveland State Rob Summers
0%
Missouri Valley Valparaiso Roger Powell Jr.
0%
Big Sky Idaho State Ryan Looney
0%
Sun Belt Arkansas State Ryan Pannone
0%
Southern Mercer Ryan Ridder
0%
Big South Charleston Southern Saah Nimley
0%
Big Sky Northern Arizona Shane Burcar
0%
Southland Incarnate Word Shane Heirman
0%
Southwestern Athletic Arkansas-Pine Bluff Solomon Bozeman
0%
Southland New Orleans Stacy Hollowell
0%
Ohio Valley Southern Indiana Stan Gouard
0%
Mid-American Eastern Michigan Stan Heath
0%
Mid-Eastern Athletic Delaware State Stan Waterman
0%
West Coast San Diego Steve Lavin
0%
Big Sky Northern Colorado Steve Smiley
0%
Conference USA Louisiana Tech Talvin Hester
0%
Northeast New Haven Ted Hotaling
0%
Southland Nicholls State Tevon Saddler
0%
Southern Western Carolina Tim Craft
0%
Western Athletic Utah Valley Todd Phillips
0%
Mid-American Toledo Tod Kowalczyk
0%
Atlantic Sun North Alabama Tony Pujol
0%
Mountain West Fresno State Vance Walberg
0%
Big South Radford Zach Chu
0%
Coastal Athletic Drexel Zach Spiker
0%
No matching quizzes found
Score Distribution
Percent of People with Each Score
Percentile by Number Answered
Your Score History
You have not taken this quiz